000 00751nam a2200265Ia 4500
005 20260302115701.0
008 008 260114s9999 xx 000 0 eng d
020 _a9781501352706
037 _aTextbook
040 _aCRL
040 _beng
040 _cCRL
041 _2eng
041 _aeng
084 _qCRL
100 _aRajesh James and Sathyaraj Venkatesan
_91122332
245 0 _aIndia Retold Dialogues with Independent Documentary Filmmakers in India
260 _bBloomsbury
260 _bBloomsbury Academic
260 _c2021
650 _aJournalism & mass Comm
_91122333
856 _uhttps://doi.org/10.5040/9781501352706?locatt=label:secondary_bloomsburyCollections
942 _cEBOOK
999 _c1687107
_d1687107